| 000 | 00412 a2200157 4500 | ||
|---|---|---|---|
| 003 | Nust | ||
| 005 | 20170207152528.0 | ||
| 020 | _a8127224707 | ||
| 040 | _cNust | ||
| 082 | _a004 | ||
| 100 | _aSingh,rachhpal | ||
| 245 |
_aA TextBook of Information technology _cRachhpal Singh, Kiran Gupta, Suman Khurana,Virender Singh |
||
| 260 |
_aNew Delhi _bKalyani pub _c2005 |
||
| 300 | _a393 | ||
| 650 | _aInformation Technology | ||
| 942 |
_2ddc _cBK |
||
| 999 |
_c176555 _d176555 |
||